000 00725nam a2200241Ia 4500
003 OSt
005 20220918194504.0
006 a|||||r|||| 00| 0
007 ta
008 220917b |||||||| |||| 00| 0 eng d
024 _a79,720
037 _cTextual
040 _aARTS
_cARTS
_beng
041 _2eng
_aeng
082 _aS:4, N3
100 _aGardner Howard
_985202
245 0 _aCreating minds
_b an anatomy of creativity seen through the lives of Freud, Einstein, Picasso, Stravinsly, Eliot, Graham and Gandhi
260 _aNew York
_bBasic book
_c1993
300 _axvi,464p.
_ccm.
650 _aCOGNITIVE STYLES
_915127
942 _hS:4, N3
_cTEXL
_2CC
999 _c203446
_d203446